banner koha

Produtividade de genótipos de trigo duplo propósito submetidos ao pastejo com vacas em lactação (Registro n. 300847)

MARC details
000 -LÍDER
fixed length control field 03714nab a2200385 i 4500
003 - CÓDIGO MARC DA AGÊNCIA CATALOGADORA
Campo de controle BR-BrBNA
005 - DATA E HORA DA ÚLTIMA ATUALIZAÇÃO
Campo de controle 20240812133510.0
008 - CAMPO DE TAMANHO FIXO
fixed length control field 240812b2017 bl.|r|pooa||| 00| 0 por |
040 ## - FONTE DA CATALOGAÇÃO
Agência catalogadora BR-BrBNA
Idioma da catalogação por
072 ## - CATEGORIA AGRIS
Código AGRIS F30
Código do objeto 0180
072 ## - CATEGORIA AGRIS
Código AGRIS F01
100 ## - ENTRADA PRINCIPAL - NOME PESSOAL
Nome pessoal Quatrin, M.P.
100 ## - ENTRADA PRINCIPAL - NOME PESSOAL
Nome pessoal Olivo, C.J.
100 ## - ENTRADA PRINCIPAL - NOME PESSOAL
Nome pessoal Meinerz, G.R.
100 ## - ENTRADA PRINCIPAL - NOME PESSOAL
Nome pessoal Fontaneli, R.S.
100 ## - ENTRADA PRINCIPAL - NOME PESSOAL
Nome pessoal Aguirre, P.F.
100 ## - ENTRADA PRINCIPAL - NOME PESSOAL
Nome pessoal Seibt, D.C.
100 ## - ENTRADA PRINCIPAL - NOME PESSOAL
Nome pessoal Aires, J.F.
100 ## - ENTRADA PRINCIPAL - NOME PESSOAL
Nome pessoal Falk, D.R.
100 ## - ENTRADA PRINCIPAL - NOME PESSOAL
Nome pessoal Sauter, C.P.
100 ## - ENTRADA PRINCIPAL - NOME PESSOAL
Nome pessoal Silva, A.R.
245 ## - TÍTULO PRINCIPAL
Título principal Produtividade de genótipos de trigo duplo propósito submetidos ao pastejo com vacas em lactação
500 ## - NOTA GERAL
Nota geral <br/>Publicação online; 24 ref.; 3 tables; Summaries (En, Pt)
942 ## - ADDED ENTRY ELEMENTS (KOHA)
Koha item type
520 ## - NOTA DE RESUMO
Nota de conteúdo <br/><br/>RESUMO - Esta pesquisa foi conduzida com o objetivo de avaliar a produtividade de dois genótipos de trigo de duplo propósito, BRS Tarumã e BRS Umbu, submetidos ao pastejo com vacas em lactação. O delineamento experimental foi o inteiramente ao acaso, com dois tratamentos (genótipos), três repetições (piquetes) e medidas repetidas no tempo (pastejos). Avaliaram-se a precocidade, a composição estrutural dos trigos, as produções de forragem e de biomassa de lâminas foliares, as taxas de acúmulo diário de forragem e de lâminas foliares, a taxa de lotação, as ofertas de forragem e de lâminas foliares, a eficiência de pastejo, o consumo aparente e a produção de grãos. O trigo mais precoce para produção de forragem foi o BRS Umbu. Houve diferença para a produção de forragem (3196 vs. 4143kg MS/ha) e de lâminas foliares (2281 vs. 3205kg MS/ha) para os genótipos BRS Umbu e BRS Tarumã, respectivamente. Valores similares foram encontrados para taxa de lotação (2,26UA/ha); eficiência de pastejo (52,26%), consumo aparente (2,91%) e produção de grãos (1716kg/ha). O genótipo BRS Tarumã é o mais indicado para o manejo de duplo propósito em condições de pastejo com vacas em lactação.<br/><br/><br/>Palavras-chave: cereais de inverno, forragem, grãos, Triticum aestivum
520 ## - NOTA DE RESUMO
Nota de conteúdo <br/><br/>ABSTRACT - The objective of this research was to evaluate the productivity of two dual-purpose wheat genotypes BRS Tarumã and BRS Umbu under grazing with lactating cows. The experimental design was completely randomized, with two treatments, three replications (paddocks) and repeated measures (grazing cycles). Studied variables were early growth, the structural composition of wheat, forage production, leaf blade biomass, the stocking rate, the herbage and leaf blade allowance, the grazing efficiency, the herbage intake and grain yield. The earliest genotype for forage production was the BRS Umbu. Differences in herbage yield between BRS Umbu and BRS Tarumã genotypes (3196 vs. 4143kg DM/ha) and leaf blade production (2281 vs. 3205kg DM/ha), respectively, were detected. Similar values between cultivars were found in stocking rate (2,26AU/ha); grazing efficiency (52,26%), herbage intake (2,91 %) and grain yield (1716kg/ha). The BRS Tarumã genotype is the most suitable for dual-purpose under grazing with dairy cows.<br/><br/><br/>Keywords: winter cereal, forage, grain, Triticum aestivum
650 ## - ASSUNTO - THESAGRO
Cabeçalho tópico ou nome geográfico TRIGO
650 ## - ASSUNTO - THESAGRO
Cabeçalho tópico ou nome geográfico GENÓTIPO
650 ## - ASSUNTO - THESAGRO
Cabeçalho tópico ou nome geográfico FORRAGEM
650 ## - ASSUNTO - THESAGRO
Cabeçalho tópico ou nome geográfico PRODUTIVIDADE
650 ## - ASSUNTO - THESAGRO
Cabeçalho tópico ou nome geográfico PASTEJO
773 0# - ENTRADA ANALÍTICA
Host Biblionumber 1643
Registro do item 316504
Imprenta Belo Horizonte-MG Universidade Federal de Minas Gerais - Escola de Veterinaria 1983
Outro identificador 2024-2999
Título Arquivo Brasileiro de Medicina Veterinária e Zootecnia (Brazil)
ISSN 0102-0935
Colação v. 69(6) p. 1615-1623; (2017)
Número de controle de registro BR2024002256
856 ## - ACESSO E ENDEREÇO ELETRÔNICO
Identificador uniforme de recurso - URI https://www.scielo.br/j/abmvz/a/bgXzpKmP78NgykmmpsbS56N/?format=pdf&lang=pt

Nenhum exemplar disponível.

BINAGRI

Telefone: (61)3218-2567/2388/3357/2097 - binagri@agro.gov.br

Ministério da Agricultura e Pecuária , Esplanada dos Ministérios, Bloco D, Anexo B, Brasília/DF, CEP: 70.043-900